Góry, Wyżyny, Niziny Ameryka Pół. - Statystyki

Ogólne statystyki
  • Ten quiz został rozwiązany 152 razy
  • Średni wynik to 4 z 10
Statystyki odpowiedzi
Hint Odpowiedź % Poprawnych
Góry Ameryka Północna Kordyliery
81%
Góry Ameryka Północna Appalachy
70%
Góry Ameryka Północna Góry Skaliste
47%
Nizina Ameryka Północna Zatokowa
47%
Wyżyna Ameryka Północna Wielkie Równiny
41%
Nizina Ameryka Północna Atlantycka
34%
Nizina Ameryka Północna Hudsońska
30%
Wyżyna Ameryka Północna Wyżyna Kolorado
26%
Wyżyna Ameryka Północna Wyżyna Meksykańska
22%
Wyżyna Ameryka Północna Wyżyna Kolumbii
9%
Nie znaleziono quizów pasujących do podanych kryteriów
Rozkład punktacji
Procent ludzi z każdym wynikiem
Percentyl według liczby udzielonych odpowiedzi
Twoja historia wyników
Nie rozwiązałeś tego quizu